Normal view MARC view

Entry Corporate Name

Number of records used in: 1

001 - CONTROL NUMBER

  • control field: 2507

003 - CONTROL NUMBER IDENTIFIER

  • control field: OSt

005 - DATE AND TIME OF LATEST TRANSACTION

  • control field: 20190225122702.0

008 - FIXED-LENGTH DATA ELEMENTS

  • fixed length control field: 190225|| aca||aabn | a|a d

040 ## - CATALOGING SOURCE

  • Original cataloging agency: OSt
  • Transcribing agency: OSt

110 ## - HEADING--CORPORATE NAME

  • Corporate name or jurisdiction name as entry element: Oxford University Press,
  • Relator term: publisher,
  • Relator term: copyright holder.

670 ## - SOURCE DATA FOUND

  • Source citation: Work cat.: (OSt)446733: Vidyarthi, Sanjeev, author. 2502, Understanding India's new approach to spatial planning and development :

Powered by Koha